[Event "Wch U08 blitz"]
[Site "Rhodes"]
[Date "2022.05.03"]
[Round "8"]
[White "Skouroupathis, Kyriakos"]
[Black "Vihaan, Anupam Agrawal"]
[Result "1-0"]
[WhiteElo "1152"]
[BlackElo "1325"]
[PlyCount "62"]
[EventDate "2022.05.03"]
[EventType "swiss (blitz)"]
[EventRounds "9"]
[EventCountry "GRE"]
[SourceTitle "CBM 208 Extra"]
[Source "ChessBase"]
[SourceDate "2022.07.31"]
[SourceVersion "1"]
[SourceVersionDate "2022.07.31"]
[SourceQuality "1"]

1. e4 d5 2. exd5 Nf6 3. Nc3 Nxd5 4. Bc4 Nb6 5. Bb3 Bf5 6. Nf3 Nc6 7. d3 e6 8. Bf4 Be7 9. Nb5 Rc8 10. Nxc7+ Rxc7 11. Bxc7 Qxc7 12. 0-0 0-0 13. Re1 Bf6 14. c3 Rd8 15. d4 e5 16. d5 e4 17. Qe2 Ne7 18. Nd2 Nexd5 19. Bxd5 Nxd5 20. Nxe4 Be5 21. g3 h6 22. Rad1 Nf6 23. Nxf6+ Bxf6 24. Rxd8+ Qxd8 25. Qb5 Qd7 26. Qe2 Kh7 27. Qe3 a6 28. Kh1 Qc6+ 29. Kg1 Bh3 30. Qe4+ Qxe4 31. Rxe4 Bf5 1-0